Две повести; Житейские сцены. Отец и дочь; Пашинцев; А. Н. Плещеев в Оренбургском крае; Труженик отечественной словесности

Podrobná bibliografie
Hlavní autor: Плещеев А. Н. Алексей Николаевич
Další autoři: Савочкин В. С. (иллюстратор)
Shrnutí:На пер. загл. не указано
Авт. указан на корешке
В суперобложке.
Jazyk:ruština
Vydáno: Челябинск, Южно-Уральское кн. изд-во, 1986
TOC:Житейские сцены. Отец и дочь;
Пашинцев;
Н. Прянишников, А. Н. Плещеев в Оренбургском крае;
Н. Кузин, Труженик отечественной словесности;
Témata:
Médium: MixedMaterials Kniha
KOHA link:https://koha.lib.tpu.ru/cgi-bin/koha/opac-detail.pl?biblionumber=238177

MARC

LEADER 00000nam0a2200000 4500
001 238177
005 20231101231605.0
010 |b 5000 экз. 
035 |a (RuTPU)RU\TPU\book\259361 
090 |a 238177 
100 |a 20130522d1986 m y0rusy50 ca 
101 0 |a rus 
102 |a RU 
105 |a c z 001ab 
200 1 |a Две повести  |f А. Н. Плещеев  |g худож. В. С. Савочкин 
210 |a Челябинск  |c Южно-Уральское кн. изд-во  |d 1986 
215 |a 415 с.  |c портр.  |d 13 см. 
300 |a На пер. загл. не указано 
300 |a Авт. указан на корешке 
300 |a В суперобложке. 
320 |a Примечания: с. 413-415. 
464 |t Житейские сцены. Отец и дочь 
464 |t Пашинцев 
464 |t А. Н. Плещеев в Оренбургском крае  |f Н. Прянишников 
464 |t Труженик отечественной словесности  |f Н. Кузин  |a Кузин, Н. 
600 1 |a Плещеев  |b А. Н.  |c русский поэт  |f 1825-1893  |g Алексей Николаевич  |2 stltpush  |3 (RuTPU)RU\TPU\pers\13197  |9 3881 
610 1 |a русская литература 
610 1 |a проза 
610 1 |a 19 век 
610 1 |a миниатюрные издания 
686 |a Ч611.68  |v LBC/SL-A  |2 rubbk 
700 1 |a Плещеев  |b А. Н.  |c русский поэт  |f 1825-1893  |g Алексей Николаевич  |2 stltpush  |3 (RuTPU)RU\TPU\pers\13197  |9 3881 
702 1 |a Савочкин  |b В. С.  |4 440 
801 1 |a RU  |b 63413507  |c 20130522 
942 |c BK